| 000 | 00832nam a2200241 i 4500 | ||
|---|---|---|---|
| 001 | 171420 | ||
| 003 | ES-MaACL | ||
| 005 | 20250808062807.0 | ||
| 008 | 090514s1972 sp |||| | spa d | ||
| 020 | _a84-220-0403-8 | ||
| 100 | 0 |
_aHeisenberg, Werner. _962398 |
|
| 245 | 1 | 0 |
_aDiálogos sobre la física atómica / _cpor Werner Heisenberg ; traducción española de Wolfgang Strobl y Luis Pelayo. |
| 260 |
_aMadrid : _bLa Editorial Católica, _c1972. |
||
| 300 |
_a317 p. ; _c20 cm. |
||
| 490 | 1 |
_aBiblioteca de autores cristianos ; _v340 |
|
| 650 | 0 | 4 |
_aFísica nuclear. _912888 |
| 650 | 0 | 4 |
_aFísica- _xFilosofía. _912881 |
| 700 | 1 |
_aStrobl, Wolfgang. _9108442 |
|
| 700 | 1 |
_aPelayo Arribas, Luis. _990028 |
|
| 830 | 0 | 0 |
_aBiblioteca de autores cristianos _v340 _9178679 |
| 852 |
_aES-MaACL _jJ-333 |
||
| 999 |
_c171420 _d171420 |
||